Quantitative chemical analysis / (Record no. 5334)

MARC details
000 -LEADER
fixed length control field 01019cam a2200289 a 4500
001 - CONTROL NUMBER
control field 12752499
003 - CONTROL NUMBER IDENTIFIER
control field OSt
005 - DATE AND TIME OF LATEST TRANSACTION
control field 20200224112332.0
008 - FIXED-LENGTH DATA ELEMENTS--GENERAL INFORMATION
fixed length control field 020424s2003 nyua b 001 0 eng
010 ## - LIBRARY OF CONGRESS CONTROL NUMBER
LC control number 2002105823
020 ## - INTERNATIONAL STANDARD BOOK NUMBER
International Standard Book Number 9780716776949
020 ## - INTERNATIONAL STANDARD BOOK NUMBER
International Standard Book Number 0716770415
035 ## - SYSTEM CONTROL NUMBER
System control number (DLC) 2002105823
040 ## - CATALOGING SOURCE
Transcribing agency DDC.
082 00 - DEWEY DECIMAL CLASSIFICATION NUMBER
Classification number 543HAR 2007.
100 1# - MAIN ENTRY--PERSONAL NAME
Personal name Harris, Daniel C.,
9 (RLIN) 8281
245 10 - TITLE STATEMENT
Title Quantitative chemical analysis /
Statement of responsibility, etc. Daniel C. Harris.
250 ## - EDITION STATEMENT
Edition statement 7th ed.
260 ## - PUBLICATION, DISTRIBUTION, ETC. (IMPRINT)
Place of publication, distribution, etc. New York :
Name of publisher, distributor, etc. W.H. Freeman and Co.,
Date of publication, distribution, etc. 2007.
300 ## - PHYSICAL DESCRIPTION
Extent 663p;
Other physical details col.ill;
Dimensions 26 cm.
504 ## - BIBLIOGRAPHY, ETC. NOTE
Bibliography, etc Includes bibliographical references and index.
650 #0 - SUBJECT ADDED ENTRY--TOPICAL TERM
Topical term or geographic name as entry element Chemistry, Analytic
General subdivision Quantitative.
9 (RLIN) 8274
856 42 - ELECTRONIC LOCATION AND ACCESS
Materials specified Publisher description
Uniform Resource Identifier http://www.loc.gov/catdir/enhancements/fy0912/2002105823-d.html
906 ## - LOCAL DATA ELEMENT F, LDF (RLIN)
a 7
b cbc
c orignew
d 3
e epcn
f 20
g y-gencatlg
942 ## - ADDED ENTRY ELEMENTS (KOHA)
Source of classification or shelving scheme Dewey Decimal Classification
Koha item type Open Shelf
Holdings
Withdrawn status Lost status Source of classification or shelving scheme Damaged status Not for loan Home library Current library Date acquired Source of acquisition Inventory number Total Checkouts Full call number Barcode Date last seen Price effective from Koha item type
    Dewey Decimal Classification     MUST Main Library MUST Main Library 10/10/2016   08/30971   543HAR 2007. 2016-4705 10/10/2016 10/10/2016 Open Shelf
    Dewey Decimal Classification     MUST Main Library MUST Main Library 24/02/2020 Purchase 2006/28151   543HAR 2007. 2020-0560 24/02/2020 24/02/2020 Open Shelf